[Event "European Senior Team Championship 2021"]
[Site "Don Giovanni hotel, Vinohradska 2733, Prague, Czech Republic"]
[Date "2021.09.06"]
[Round "8"]
[Board "4"]
[White "Motuz, Karol"]
[Black "Konopka, Michal"]
[Result "1/2-1/2"]
[WhiteElo "2323"]
[BlackElo "2368"]
[PlyCount "0"]
[EventDate "2021.08.30"]
[EventType "team"]
[EventRounds "9"]
[EventCountry "ECX"]
[WhiteTeam "SLOVAKIA"]
[BlackTeam "CZECH REPUBLIC"]

1. d4 {[%clk 1:30:47]} d5 {[%clk 1:30:28]} 2. c4 {[%clk 1:30:59]} c6
{[%clk 1:29:27]} 3. Nf3 {[%clk 1:28:58]} Nf6 {[%clk 1:29:10]} 4. cxd5
{[%clk 1:27:08]} cxd5 {[%clk 1:29:11]} 5. Nc3 {[%clk 1:26:05]} Nc6
{[%clk 1:28:32]} 6. Bf4 {[%clk 1:25:44]} e6 {[%clk 1:28:48]} 7. e3
{[%clk 1:25:58]} Bd6 {[%clk 1:29:09]} 8. Bxd6 {[%clk 1:26:00]} Qxd6
{[%clk 1:29:36]} 9. Bd3 {[%clk 1:26:14]} O-O {[%clk 1:29:58]} 10. O-O
{[%clk 1:26:29]} e5 {[%clk 1:28:01]} 11. dxe5 {[%clk 1:25:49]}  1/2-1/2

[Event "European Senior Team Championship 2021"]
[Site "Don Giovanni hotel, Vinohradska 2733, Prague, Czech Republic"]
[Date "2021.09.06"]
[Round "8"]
[Board "2"]
[White "Bartos, Jan"]
[Black "Zemanek, Jan"]
[Result "1-0"]
[WhiteElo "2112"]
[BlackElo "1860"]
[PlyCount "0"]
[EventDate "2021.08.30"]
[EventType "team"]
[EventRounds "9"]
[EventCountry "ECX"]
[WhiteTeam "SK SLAVOJ LITOMERICE"]
[BlackTeam "MAKKABI BOSKOVICE"]

1. d4 {[%clk 1:30:56]} d5 {[%clk 1:30:15]} 2. c4 {[%clk 1:31:19]} c6
{[%clk 1:29:41]} 3. Nf3 {[%clk 1:31:44]} Nf6 {[%clk 1:29:36]} 4. Nc3
{[%clk 1:32:09]} e6 {[%clk 1:28:38]} 5. e3 {[%clk 1:32:34]} Nbd7 {[%clk 1:27:37]}
6. Bd3 {[%clk 1:32:58]} b6 {[%clk 1:25:22]} 7. O-O {[%clk 1:32:51]} Bb7
{[%clk 1:25:04]} 8. b3 {[%clk 1:33:01]} g6 {[%clk 1:24:10]} 9. Qe2
{[%clk 1:33:04]} Bg7 {[%clk 1:20:44]} 10. Ba3 {[%clk 1:33:25]} Bf8
{[%clk 1:17:24]} 11. Bxf8 {[%clk 1:33:20]} Kxf8 {[%clk 1:17:43]} 12. Rfd1
{[%clk 1:32:44]} Kg7 {[%clk 1:14:10]} 13. Qb2 {[%clk 1:29:58]} Re8
{[%clk 1:13:05]} 14. e4 {[%clk 1:29:11]} Nxe4 {[%clk 1:08:14]} 15. Nxe4
{[%clk 1:25:13]} dxe4 {[%clk 1:08:26]} 16. Bxe4 {[%clk 1:25:36]} Qf6
{[%clk 1:08:21]} 17. Ne5 {[%clk 1:21:53]} Nxe5 {[%clk 1:06:04]} 18. dxe5
{[%clk 1:22:18]} Qe7 {[%clk 1:05:35]} 19. Rd6 {[%clk 1:21:32]} c5
{[%clk 1:00:32]} 20. Bxb7 {[%clk 1:20:26]} Qxb7 {[%clk 1:00:54]} 21. Rad1
{[%clk 1:20:27]} Rac8 {[%clk 0:58:31]} 22. Qd2 {[%clk 1:17:52]} Qe4
{[%clk 0:43:54]} 23. Re1 {[%clk 1:17:47]} Qb7 {[%clk 0:43:55]} 24. Qf4
{[%clk 1:17:51]} Qe7 {[%clk 0:42:36]} 25. Red1 {[%clk 1:17:53]} Rc7
{[%clk 0:42:28]} 26. R1d3 {[%clk 1:14:35]} h6 {[%clk 0:41:31]} 27. h4
{[%clk 1:11:39]} Rb8 {[%clk 0:39:58]} 28. g3 {[%clk 1:09:31]} g5 {[%clk 0:32:28]}
29. hxg5 {[%clk 1:08:58]} Qxg5 {[%clk 0:31:55]} 30. Qe4 {[%clk 1:04:42]} Qg6
{[%clk 0:26:05]} 31. Qe2 {[%clk 1:03:48]} h5 {[%clk 0:25:09]} 32. Rf3
{[%clk 1:01:19]} Qg5 {[%clk 0:23:28]} 33. Rf4 {[%clk 0:57:59]} Rh8
{[%clk 0:22:42]} 34. Qe3 {[%clk 0:57:37]} Qg6 {[%clk 0:21:39]} 35. Rf6
{[%clk 0:54:41]} Qg4 {[%clk 0:20:26]} 36. Rd2 {[%clk 0:52:10]} Kf8
{[%clk 0:15:04]} 37. Kg2 {[%clk 0:47:21]} h4 {[%clk 0:08:04]} 38. Rd8+
{[%clk 0:46:31]} Kg7 {[%clk 0:08:21]} 39. Rxh8 {[%clk 0:46:54]} Kxh8
{[%clk 0:08:27]} 40. Rh6+ {[%clk 0:46:35]} Kg8 {[%clk 0:06:03]} 41. Rxh4
{[%clk 0:47:00]} Qg7 {[%clk 0:04:17]} 42. Qe4 {[%clk 0:46:07]} Kf8
{[%clk 0:02:46]} 43. Rg4 {[%clk 0:46:15]} Qh6 {[%clk 0:01:54]} 44. Qa8+
{[%clk 0:46:34]}  1-0

[Event "European Senior Team Championship 2021"]
[Site "Don Giovanni hotel, Vinohradska 2733, Prague, Czech Republic"]
[Date "2021.09.06"]
[Round "8"]
[Board "4"]
[White "Sura, Jaroslav"]
[Black "Sysr, Pavel"]
[Result "1-0"]
[WhiteElo "2004"]
[BlackElo "1563"]
[PlyCount "0"]
[EventDate "2021.08.30"]
[EventType "team"]
[EventRounds "9"]
[EventCountry "ECX"]
[WhiteTeam "SK SLAVOJ LITOMERICE"]
[BlackTeam "MAKKABI BOSKOVICE"]

1. f4 {[%clk 1:30:58]} d5 {[%clk 1:30:45]} 2. Nf3 {[%clk 1:31:20]} Nf6
{[%clk 1:31:03]} 3. b3 {[%clk 1:31:42]} Bg4 {[%clk 1:29:12]} 4. e3
{[%clk 1:31:23]} e6 {[%clk 1:29:26]} 5. Bb2 {[%clk 1:31:28]} Be7 {[%clk 1:29:49]}
6. h3 {[%clk 1:31:28]} Bxf3 {[%clk 1:29:07]} 7. Qxf3 {[%clk 1:31:53]} Nbd7
{[%clk 1:27:54]} 8. d3 {[%clk 1:27:58]} c6 {[%clk 1:27:49]} 9. Be2
{[%clk 1:26:22]} Qc7 {[%clk 1:27:44]} 10. Nd2 {[%clk 1:26:07]} e5
{[%clk 1:17:29]} 11. O-O {[%clk 1:21:26]} exf4 {[%clk 1:13:06]} 12. exf4
{[%clk 1:21:25]} O-O-O {[%clk 1:11:35]} 13. Qf2 {[%clk 1:15:42]} Bc5
{[%clk 1:10:02]} 14. d4 {[%clk 1:15:28]} Bd6 {[%clk 1:09:36]} 15. c4
{[%clk 0:59:22]} Bb4 {[%clk 1:04:27]} 16. Bd3 {[%clk 0:57:39]} Rde8
{[%clk 1:01:43]} 17. cxd5 {[%clk 0:54:52]} Nxd5 {[%clk 1:01:07]} 18. Nc4
{[%clk 0:50:56]} f6 {[%clk 0:55:47]} 19. a3 {[%clk 0:42:43]} Bd6 {[%clk 0:50:32]}
20. Bc1 {[%clk 0:30:55]} h6 {[%clk 0:49:19]} 21. Bg6 {[%clk 0:29:10]} Re7
{[%clk 0:47:40]} 22. Bd2 {[%clk 0:29:04]} Nf8 {[%clk 0:45:09]} 23. Bf5+
{[%clk 0:28:17]} Kb8 {[%clk 0:45:24]} 24. Rae1 {[%clk 0:28:05]} Rxe1
{[%clk 0:41:20]} 25. Rxe1 {[%clk 0:28:11]} Nd7 {[%clk 0:41:02]} 26. Re4
{[%clk 0:25:58]} Ne7 {[%clk 0:36:59]} 27. Nxd6 {[%clk 0:22:16]} Qxd6
{[%clk 0:35:39]} 28. Bb4 {[%clk 0:21:27]} c5 {[%clk 0:35:40]} 29. dxc5
{[%clk 0:21:03]} Qd3 {[%clk 0:31:58]} 30. Rxe7 {[%clk 0:20:28]} Qxf5
{[%clk 0:32:16]} 31. Qd2 {[%clk 0:18:57]} Rd8 {[%clk 0:29:06]} 32. Qd6+
{[%clk 0:18:39]} Kc8 {[%clk 0:28:16]} 33. c6 {[%clk 0:17:40]} bxc6
{[%clk 0:25:01]} 34. Qxc6+ {[%clk 0:17:43]}  1-0

[Event "European Senior Team Championship 2021"]
[Site "Don Giovanni hotel, Vinohradska 2733, Prague, Czech Republic"]
[Date "2021.09.06"]
[Round "8"]
[Board "1"]
[White "Richtrova, Eliska"]
[Black "Kachiani-Gersinska, Ketino"]
[Result "1-0"]
[WhiteElo "2186"]
[BlackElo "2318"]
[PlyCount "0"]
[EventDate "2021.08.30"]
[EventType "team"]
[EventRounds "9"]
[EventCountry "ECX"]
[WhiteTeam "CZECH REPUBLIC WOMEN"]
[BlackTeam "GERMANY 1 WOMEN"]

1. e4 {[%clk 1:30:58]} c6 {[%clk 1:30:51]} 2. Nf3 {[%clk 1:31:13]} d5
{[%clk 1:31:10]} 3. Nc3 {[%clk 1:31:31]} Bg4 {[%clk 1:31:20]} 4. h3
{[%clk 1:30:44]} Bxf3 {[%clk 1:31:33]} 5. Qxf3 {[%clk 1:31:09]} e6
{[%clk 1:31:45]} 6. d4 {[%clk 1:30:30]} dxe4 {[%clk 0:56:54]} 7. Qxe4
{[%clk 1:30:37]} Nf6 {[%clk 0:56:56]} 8. Qh4 {[%clk 1:30:59]} Qb6
{[%clk 0:52:08]} 9. Bd3 {[%clk 1:23:48]} Na6 {[%clk 0:49:15]} 10. a3
{[%clk 1:07:39]} O-O-O {[%clk 0:33:26]} 11. Ne2 {[%clk 1:07:46]} h6
{[%clk 0:33:38]} 12. O-O {[%clk 1:02:28]} g5 {[%clk 0:29:59]} 13. Bxg5
{[%clk 1:01:03]} hxg5 {[%clk 0:25:45]} 14. Qxh8 {[%clk 1:00:55]} Be7
{[%clk 0:25:51]} 15. Qg7 {[%clk 0:58:32]} Rg8 {[%clk 0:25:02]} 16. Qxf7
{[%clk 0:58:29]} Kd7 {[%clk 0:25:28]} 17. Bxa6 {[%clk 0:52:05]} Qxa6
{[%clk 0:24:14]} 18. Ng3 {[%clk 0:52:09]} Rf8 {[%clk 0:24:15]} 19. Qg7
{[%clk 0:52:09]} Rg8 {[%clk 0:22:36]} 20. Qh6 {[%clk 0:49:39]} Qc4
{[%clk 0:21:48]} 21. Rae1 {[%clk 0:40:12]} Qxc2 {[%clk 0:18:01]} 22. Ne4
{[%clk 0:39:21]} Nxe4 {[%clk 0:16:55]} 23. Qh7 {[%clk 0:39:48]} Rf8
{[%clk 0:17:16]} 24. Qxe4 {[%clk 0:39:36]} Qxe4 {[%clk 0:15:49]} 25. Rxe4
{[%clk 0:40:02]} Bd6 {[%clk 0:13:06]} 26. Rfe1 {[%clk 0:39:55]} Rf6
{[%clk 0:13:06]} 27. h4 {[%clk 0:39:27]} gxh4 {[%clk 0:12:59]} 28. Rxh4
{[%clk 0:39:53]} Be7 {[%clk 0:13:25]} 29. Rhe4 {[%clk 0:40:01]} b5
{[%clk 0:13:14]} 30. g3 {[%clk 0:39:47]} a5 {[%clk 0:13:38]} 31. Kg2
{[%clk 0:39:32]} a4 {[%clk 0:14:01]} 32. R1e2 {[%clk 0:39:33]} Bd8
{[%clk 0:13:55]} 33. f4 {[%clk 0:38:54]} Rh6 {[%clk 0:12:57]} 34. g4
{[%clk 0:37:00]} Bc7 {[%clk 0:12:36]} 35. g5 {[%clk 0:29:41]} Rh4
{[%clk 0:12:28]} 36. Kg3 {[%clk 0:30:06]} Rh1 {[%clk 0:10:53]} 37. Rh2
{[%clk 0:30:23]} Rf1 {[%clk 0:06:12]} 38. Rh7+ {[%clk 0:30:24]} Kd6
{[%clk 0:06:24]} 39. Rxc7 {[%clk 0:30:22]} Kxc7 {[%clk 0:06:26]} 40. Rxe6
{[%clk 0:30:49]} Kd7 {[%clk 0:06:22]} 41. Re2 {[%clk 0:30:53]} Kd6
{[%clk 0:06:20]} 42. g6 {[%clk 0:25:03]} Rg1+ {[%clk 0:04:51]} 43. Rg2
{[%clk 0:25:23]} Re1 {[%clk 0:05:15]} 44. f5 {[%clk 0:23:42]} Re8
{[%clk 0:04:56]} 45. f6 {[%clk 0:20:26]} Rg8 {[%clk 0:04:40]} 46. Kf4
{[%clk 0:20:34]} Ke6 {[%clk 0:04:57]} 47. Kg5 {[%clk 0:20:51]} Rd8
{[%clk 0:01:01]} 48. Re2+ {[%clk 0:21:01]}  1-0

[Event "European Senior Team Championship 2021"]
[Site "Don Giovanni hotel, Vinohradska 2733, Prague, Czech Republic"]
[Date "2021.09.06"]
[Round "8"]
[Board "2"]
[White "Spiel, Marianne"]
[Black "Kubikova, Hana"]
[Result "1/2-1/2"]
[WhiteElo "1869"]
[BlackElo "2070"]
[PlyCount "0"]
[EventDate "2021.08.30"]
[EventType "team"]
[EventRounds "9"]
[EventCountry "ECX"]
[WhiteTeam "GERMANY 1 WOMEN"]
[BlackTeam "CZECH REPUBLIC WOMEN"]

1. e4 {[%clk 1:30:58]} g6 {[%clk 1:30:45]} 2. d4 {[%clk 1:31:10]} Bg7
{[%clk 1:31:04]} 3. c4 {[%clk 1:29:30]} d6 {[%clk 1:31:14]} 4. Nc3
{[%clk 1:17:13]} Nf6 {[%clk 1:30:00]} 5. Nf3 {[%clk 1:16:39]} O-O
{[%clk 1:29:58]} 6. h3 {[%clk 1:16:35]} c6 {[%clk 1:25:49]} 7. Be3
{[%clk 1:15:11]} Na6 {[%clk 1:18:46]} 8. Be2 {[%clk 1:11:57]} e5 {[%clk 1:15:10]}
9. dxe5 {[%clk 1:00:52]} dxe5 {[%clk 1:15:34]} 10. Qxd8 {[%clk 0:59:32]} Rxd8
{[%clk 1:16:00]} 11. a3 {[%clk 0:57:45]} h6 {[%clk 1:05:40]} 12. O-O
{[%clk 0:51:29]} Nh5 {[%clk 1:04:52]} 13. Rfd1 {[%clk 0:50:23]} Be6
{[%clk 1:01:57]} 14. Rxd8+ {[%clk 0:48:06]} Rxd8 {[%clk 1:02:22]} 15. Bxa7
{[%clk 0:47:54]} Nf4 {[%clk 1:02:35]} 16. Bf1 {[%clk 0:46:47]} Bf6
{[%clk 0:54:58]} 17. Rd1 {[%clk 0:43:18]} Rc8 {[%clk 0:52:38]} 18. Be3
{[%clk 0:40:59]} Nc7 {[%clk 0:51:52]} 19. Rd2 {[%clk 0:34:36]} g5
{[%clk 0:49:58]} 20. Na4 {[%clk 0:29:39]} b5 {[%clk 0:44:51]} 21. cxb5
{[%clk 0:28:39]} cxb5 {[%clk 0:45:03]} 22. Nc5 {[%clk 0:28:42]} Rb8
{[%clk 0:40:14]} 23. Nd7 {[%clk 0:26:10]} Bxd7 {[%clk 0:40:26]} 24. Rxd7
{[%clk 0:26:31]} Nfe6 {[%clk 0:39:59]} 25. Rd6 {[%clk 0:22:09]} Kf8
{[%clk 0:35:16]} 26. Rb6 {[%clk 0:19:46]} Rxb6 {[%clk 0:35:15]} 27. Bxb6
{[%clk 0:20:15]} Ke8 {[%clk 0:35:11]} 28. Nd2 {[%clk 0:18:31]} Kd7
{[%clk 0:35:03]} 29. Nb3 {[%clk 0:18:18]} Be7 {[%clk 0:32:45]} 30. f3
{[%clk 0:17:42]} Kc6 {[%clk 0:31:50]} 31. Be3 {[%clk 0:17:59]} Bc5
{[%clk 0:31:09]} 32. Nxc5 {[%clk 0:17:14]} Nxc5 {[%clk 0:30:02]} 33. Kf2
{[%clk 0:16:46]} Nb3 {[%clk 0:27:57]} 34. Ke1 {[%clk 0:15:24]} Ne6
{[%clk 0:27:41]} 35. Kd1 {[%clk 0:12:20]} Ned4 {[%clk 0:23:49]} 36. Bxd4
{[%clk 0:11:13]} Nxd4 {[%clk 0:23:29]} 37. Kd2 {[%clk 0:11:23]} f6
{[%clk 0:23:22]} 38. Kc3 {[%clk 0:11:38]} Kc5 {[%clk 0:23:24]} 39. b3
{[%clk 0:11:50]} Nc6 {[%clk 0:21:36]} 40. Bd3 {[%clk 0:11:35]} b4+
{[%clk 0:18:43]} 41. axb4+ {[%clk 0:09:27]} Nxb4 {[%clk 0:18:58]} 42. Bc4
{[%clk 0:08:34]} Nc6 {[%clk 0:15:15]} 43. Be6 {[%clk 0:04:47]} Nb4
{[%clk 0:13:56]} 44. Bd7 {[%clk 0:03:43]} Na2+ {[%clk 0:10:52]} 45. Kb2
{[%clk 0:02:45]} Nb4 {[%clk 0:10:20]} 46. Kc3 {[%clk 0:25:54]} Na2+
{[%clk 0:40:39]} 47. Kb2 {[%clk 0:17:07]}  1/2-1/2

[Event "European Senior Team Championship 2021"]
[Site "Don Giovanni hotel, Vinohradska 2733, Prague, Czech Republic"]
[Date "2021.09.06"]
[Round "8"]
[Board "3"]
[White "Svobodova, Michaela"]
[Black "Leib, Britta"]
[Result "1-0"]
[WhiteElo "1919"]
[BlackElo "1916"]
[PlyCount "0"]
[EventDate "2021.08.30"]
[EventType "team"]
[EventRounds "9"]
[EventCountry "ECX"]
[WhiteTeam "CZECH REPUBLIC WOMEN"]
[BlackTeam "GERMANY 1 WOMEN"]

1. e4 {[%clk 1:30:53]} c5 {[%clk 1:30:49]} 2. Nf3 {[%clk 1:30:54]} g6
{[%clk 1:30:58]} 3. c4 {[%clk 1:30:04]} Bg7 {[%clk 1:30:03]} 4. d4
{[%clk 1:29:58]} cxd4 {[%clk 1:29:48]} 5. Nxd4 {[%clk 1:30:07]} Nf6
{[%clk 1:23:39]} 6. Nc3 {[%clk 1:28:31]} d6 {[%clk 1:19:48]} 7. Be2
{[%clk 1:27:28]} O-O {[%clk 1:14:49]} 8. Be3 {[%clk 1:25:16]} Nc6
{[%clk 1:07:41]} 9. Rc1 {[%clk 1:24:13]} Bd7 {[%clk 0:50:26]} 10. b3
{[%clk 1:21:39]} Nxd4 {[%clk 0:42:12]} 11. Bxd4 {[%clk 1:21:06]} Bc6
{[%clk 0:42:14]} 12. f3 {[%clk 1:20:20]} Re8 {[%clk 0:38:01]} 13. Qd2
{[%clk 1:18:52]} b6 {[%clk 0:26:22]} 14. O-O {[%clk 1:16:34]} Rc8
{[%clk 0:25:36]} 15. Rfe1 {[%clk 1:14:45]} e5 {[%clk 0:20:31]} 16. Be3
{[%clk 1:13:26]} Qd7 {[%clk 0:18:57]} 17. Red1 {[%clk 1:09:06]} Red8
{[%clk 0:18:36]} 18. Bg5 {[%clk 1:07:10]} Qe6 {[%clk 0:17:32]} 19. Qe3
{[%clk 1:03:06]} Rd7 {[%clk 0:16:53]} 20. Bxf6 {[%clk 0:59:34]} Bxf6
{[%clk 0:17:15]} 21. Rd3 {[%clk 0:55:10]} Bg7 {[%clk 0:14:46]} 22. Rcd1
{[%clk 0:53:02]} Re8 {[%clk 0:14:24]} 23. Qd2 {[%clk 0:48:43]} Bf8
{[%clk 0:14:35]} 24. Bf1 {[%clk 0:47:15]} Rc7 {[%clk 0:13:18]} 25. Qe2
{[%clk 0:43:24]} Rcc8 {[%clk 0:11:07]} 26. g3 {[%clk 0:41:28]} Rc7
{[%clk 0:08:55]} 27. Bg2 {[%clk 0:41:36]} Rb8 {[%clk 0:07:00]} 28. Qf1
{[%clk 0:38:44]} Qe8 {[%clk 0:06:34]} 29. Bh3 {[%clk 0:35:01]} b5
{[%clk 0:05:27]} 30. cxb5 {[%clk 0:25:59]} Rxb5 {[%clk 0:05:31]} 31. Rc1
{[%clk 0:21:48]} Rc5 {[%clk 0:05:39]} 32. b4 {[%clk 0:20:32]} Rc4
{[%clk 0:05:19]} 33. Rdd1 {[%clk 0:18:57]} Qb8 {[%clk 0:05:20]} 34. Qxc4
{[%clk 0:18:19]} Ba4 {[%clk 0:04:56]} 35. Qd3 {[%clk 0:14:31]} Bxd1
{[%clk 0:04:22]} 36. Rxd1 {[%clk 0:14:19]} Qxb4 {[%clk 0:02:37]} 37. Nd5
{[%clk 0:13:54]} Qc5+ {[%clk 0:02:56]} 38. Qe3 {[%clk 0:09:52]} Rc6
{[%clk 0:02:18]} 39. Qxc5 {[%clk 0:07:14]} Rxc5 {[%clk 0:01:43]} 40. Rd2
{[%clk 0:03:30]} Bh6 {[%clk 0:01:24]} 41. Re2 {[%clk 0:02:33]} Bc1
{[%clk 0:30:30]} 42. Bd7 {[%clk 0:28:36]} Ba3 {[%clk 0:30:02]} 43. Kg2
{[%clk 0:20:12]} Rc1 {[%clk 0:29:20]} 44. Ba4 {[%clk 0:17:51]} Bc5
{[%clk 0:29:11]} 45. Bb3 {[%clk 0:14:04]} Kg7 {[%clk 0:26:36]} 46. Rd2
{[%clk 0:13:16]} h5 {[%clk 0:23:37]} 47. Rd1 {[%clk 0:12:43]}  1-0

[Event "European Senior Team Championship 2021"]
[Site "Don Giovanni hotel, Vinohradska 2733, Prague, Czech Republic"]
[Date "2021.09.06"]
[Round "8"]
[Board "4"]
[White "Beltz, Martina"]
[Black "Cejkova, Miroslava"]
[Result "0-1"]
[WhiteElo "1922"]
[BlackElo "2010"]
[PlyCount "0"]
[EventDate "2021.08.30"]
[EventType "team"]
[EventRounds "9"]
[EventCountry "ECX"]
[WhiteTeam "GERMANY 1 WOMEN"]
[BlackTeam "CZECH REPUBLIC WOMEN"]

1. d4 {[%clk 1:30:54]} f5 {[%clk 1:30:19]} 2. Nf3 {[%clk 1:30:13]} Nf6
{[%clk 1:29:41]} 3. g3 {[%clk 1:30:40]} e6 {[%clk 1:30:02]} 4. Bg2
{[%clk 1:30:55]} Be7 {[%clk 1:29:14]} 5. O-O {[%clk 1:31:07]} O-O
{[%clk 1:29:39]} 6. b3 {[%clk 1:30:13]} Qe8 {[%clk 1:12:42]} 7. c4
{[%clk 1:29:34]} d6 {[%clk 1:06:52]} 8. Nc3 {[%clk 1:27:18]} c6 {[%clk 0:59:32]}
9. Qc2 {[%clk 1:26:13]} Qh5 {[%clk 0:56:57]} 10. e3 {[%clk 1:18:35]} Na6
{[%clk 0:55:35]} 11. Bb2 {[%clk 1:12:56]} Bd7 {[%clk 0:48:23]} 12. Ne2
{[%clk 1:09:22]} g5 {[%clk 0:48:18]} 13. Ne1 {[%clk 0:48:27]} Rac8
{[%clk 0:42:13]} 14. f3 {[%clk 0:45:23]} Be8 {[%clk 0:38:00]} 15. Nd3
{[%clk 0:42:29]} Bg6 {[%clk 0:34:37]} 16. c5 {[%clk 0:41:05]} Nd5
{[%clk 0:27:57]} 17. Qc1 {[%clk 0:35:13]} f4 {[%clk 0:25:41]} 18. g4
{[%clk 0:28:27]} Qh4 {[%clk 0:23:52]} 19. e4 {[%clk 0:26:00]} Ne3
{[%clk 0:24:00]} 20. cxd6 {[%clk 0:22:26]} Bxd6 {[%clk 0:21:45]} 21. Nf2
{[%clk 0:21:35]} Nxf1 {[%clk 0:20:17]} 22. Bxf1 {[%clk 0:21:53]} Nc7
{[%clk 0:19:03]} 23. Qc3 {[%clk 0:19:11]} Nb5 {[%clk 0:17:03]} 24. Qc4
{[%clk 0:17:48]} Rfe8 {[%clk 0:14:13]} 25. a4 {[%clk 0:18:08]} Nc7
{[%clk 0:14:35]} 26. Rd1 {[%clk 0:17:59]} Qh6 {[%clk 0:12:20]} 27. d5
{[%clk 0:13:38]} exd5 {[%clk 0:11:01]} 28. exd5 {[%clk 0:11:05]} cxd5
{[%clk 0:08:59]} 29. Rxd5 {[%clk 0:09:24]} Nxd5 {[%clk 0:09:10]} 30. Qxd5+
{[%clk 0:09:52]} Bf7 {[%clk 0:09:25]} 31. Qxb7 {[%clk 0:10:14]} Bc5
{[%clk 0:09:06]} 32. Nd4 {[%clk 0:09:41]} Rcd8 {[%clk 0:07:32]} 33. Nf5
{[%clk 0:06:26]} Bxf2+ {[%clk 0:06:33]} 34. Kg2 {[%clk 0:06:55]} Qb6
{[%clk 0:04:50]} 35. Ne7+ {[%clk 0:02:43]} Kf8 {[%clk 0:04:04]} 36. Qe4
{[%clk 0:02:38]} Rxe7 {[%clk 0:04:00]} 37. Qxh7 {[%clk 0:02:55]} Bd4
{[%clk 0:04:07]} 38. Ba3 {[%clk 0:03:09]} Bf6 {[%clk 0:02:46]} 39. Bb5
{[%clk 0:01:16]} Rd2+ {[%clk 0:02:01]} 40. Kh3 {[%clk 0:01:44]} Qe3  0-1

[Event "European Senior Team Championship 2021"]
[Site "Don Giovanni hotel, Vinohradska 2733, Prague, Czech Republic"]
[Date "2021.09.06"]
[Round "8"]
[Board "1"]
[White "Nudcenko, Karel"]
[Black "Svanda, Pavel"]
[Result "1/2-1/2"]
[WhiteElo "2033"]
[BlackElo "2081"]
[PlyCount "0"]
[EventDate "2021.08.30"]
[EventType "team"]
[EventRounds "9"]
[EventCountry "ECX"]
[WhiteTeam "TJ SOKOL UDLICE"]
[BlackTeam "KSS VYSOCINA"]

1. e4 {[%clk 1:30:56]} e5 {[%clk 1:30:53]} 2. Nf3 {[%clk 1:31:13]} Nf6
{[%clk 1:31:16]} 3. Nc3 {[%clk 1:30:16]} Nc6 {[%clk 1:31:25]} 4. Bb5
{[%clk 1:29:32]} Bb4 {[%clk 1:31:46]} 5. O-O {[%clk 1:28:50]} O-O
{[%clk 1:27:43]} 6. Nd5 {[%clk 1:22:31]} Nxd5 {[%clk 1:21:01]} 7. exd5
{[%clk 1:22:49]} Ne7 {[%clk 1:21:26]} 8. Nxe5 {[%clk 1:17:10]} Nxd5
{[%clk 1:21:20]} 9. d4 {[%clk 1:16:23]} d6 {[%clk 1:18:33]} 10. Nd3
{[%clk 1:15:19]} Ba5 {[%clk 1:18:47]} 11. c4 {[%clk 1:13:25]} c6 {[%clk 1:15:13]}
12. Ba4 {[%clk 1:10:06]} Ne7 {[%clk 1:13:59]} 13. Bg5 {[%clk 1:06:58]} Bf5
{[%clk 1:02:22]} 14. Qf3 {[%clk 1:01:11]} f6 {[%clk 0:59:17]} 15. Bf4
{[%clk 1:00:22]} Kh8 {[%clk 0:51:11]} 16. b4 {[%clk 0:57:09]} Bb6
{[%clk 0:42:19]} 17. d5 {[%clk 0:53:46]} cxd5 {[%clk 0:39:01]} 18. cxd5
{[%clk 0:54:13]} Bd4 {[%clk 0:38:45]} 19. Rad1 {[%clk 0:52:45]} Rc8
{[%clk 0:37:13]} 20. Bd2 {[%clk 0:50:14]} Qb6 {[%clk 0:34:21]} 21. Nf4
{[%clk 0:47:43]} Qa6 {[%clk 0:31:57]} 22. Bb3 {[%clk 0:46:24]} Be5
{[%clk 0:31:16]} 23. Rc1 {[%clk 0:42:43]} Rxc1 {[%clk 0:28:21]} 24. Rxc1  1/2-1/2

[Event "European Senior Team Championship 2021"]
[Site "Don Giovanni hotel, Vinohradska 2733, Prague, Czech Republic"]
[Date "2021.09.06"]
[Round "8"]
[Board "2"]
[White "Miculka, Petr"]
[Black "Mazanek, Kamil"]
[Result "1-0"]
[WhiteElo "2081"]
[BlackElo "2070"]
[PlyCount "0"]
[EventDate "2021.08.30"]
[EventType "team"]
[EventRounds "9"]
[EventCountry "ECX"]
[WhiteTeam "KSS VYSOCINA"]
[BlackTeam "TJ SOKOL UDLICE"]

1. e4 {[%clk 1:30:53]} c6 {[%clk 1:30:54]} 2. d4 {[%clk 1:30:42]} d5
{[%clk 1:31:23]} 3. Nd2 {[%clk 1:30:23]} dxe4 {[%clk 1:31:47]} 4. Nxe4
{[%clk 1:30:46]} Bf5 {[%clk 1:32:14]} 5. Ng3 {[%clk 1:30:50]} Bg6
{[%clk 1:32:42]} 6. h4 {[%clk 1:30:50]} h6 {[%clk 1:32:57]} 7. Nf3
{[%clk 1:31:13]} Nd7 {[%clk 1:33:23]} 8. h5 {[%clk 1:31:39]} Bh7 {[%clk 1:33:52]}
9. Bd3 {[%clk 1:32:00]} Bxd3 {[%clk 1:34:17]} 10. Qxd3 {[%clk 1:32:25]} e6
{[%clk 1:34:42]} 11. Bf4 {[%clk 1:31:54]} Qa5+ {[%clk 1:34:51]} 12. Bd2
{[%clk 1:32:12]} Qc7 {[%clk 1:35:20]} 13. Qe2 {[%clk 1:31:03]} Ngf6
{[%clk 1:33:20]} 14. O-O-O {[%clk 1:28:17]} O-O-O {[%clk 1:30:35]} 15. Ne5
{[%clk 1:27:17]} Nxe5 {[%clk 1:29:49]} 16. dxe5 {[%clk 1:27:34]} Nd5
{[%clk 1:26:34]} 17. f4 {[%clk 1:25:48]} Kb8 {[%clk 1:10:14]} 18. Ne4
{[%clk 1:23:51]} Be7 {[%clk 1:07:30]} 19. Kb1 {[%clk 1:22:28]} Qb6
{[%clk 1:00:09]} 20. Rh3 {[%clk 1:17:58]} Rd7 {[%clk 0:47:14]} 21. c4
{[%clk 0:55:45]} Nb4 {[%clk 0:40:01]} 22. Rb3 {[%clk 0:43:15]} Qd4
{[%clk 0:36:33]} 23. Nd6 {[%clk 0:38:22]} Bxd6 {[%clk 0:21:14]} 24. Bxb4  1-0